Normal view
MARC view
- Autobiographies
Entry Genre/Form Term
001 - CONTROL NUMBER
- control field: 93795
003 - CONTROL NUMBER IDENTIFIER
- control field: NUST
005 - DATE AND TIME OF LATEST TRANSACTION
- control field: 20220719113826.0
008 - FIXED-LENGTH DATA ELEMENTS
- fixed length control field: 220719|| aca||aabn | a|a d
040 ## - CATALOGING SOURCE
- Original cataloging agency: NUST
- Transcribing agency: NUST
155 ## - HEADING--GENRE/FORM TERM
- Genre/form term: Autobiographies
670 ## - SOURCE DATA FOUND
- Source citation: Work cat.: (NUST)0: Obama, Michelle, 1964- author. 93784, Becoming
